History Quiz

Random History or Politics Quiz

Grover Cleveland Experience Quiz Stats

 Plays Quiz not verified by Sporcle

Score 0/6 Timer 05:00
0 Plays Today
Year Position % Correct
1885-1889President of the United States
100%
1893-1897President of the United States
100%
1883-1885Governor of New York
93.6%
1882Mayor of Buffalo, New York
70.2%
1871-1873Sheriff of Erie Country, New York
46.8%
1863-1871Assistant District Attorney of Erie County, New York
23.4%

You're not logged in!

Compare scores with friends on all Sporcle quizzes.
OR
Log In

Sporcle TV

Today on Sporcle TV


Watch our educational content, quiz creation guides, and fun videos on Sporcle TV.

Show Comments

Extras

Top Quizzes Today


Score Distribution

Your Account Isn't Verified!

In order to create a playlist on Sporcle, you need to verify the email address you used during registration. Go to your Sporcle Settings to finish the process.

Report this User

Report this user for behavior that violates our Community Guidelines.

Details: